Central Library OPAC University of Rajshahi

The chartered secretaries manual of company secretarial practice, (Record no. 59066)

MARC details
000 -LEADER
fixed length control field 01110nam a2200253 a 4500
001 - CONTROL NUMBER
control field 59066
003 - CONTROL NUMBER IDENTIFIER
rucl marc code BD-RJUL
005 - DATE AND TIME OF LATEST TRANSACTION
control field 20211209080705.0
008 - FIXED-LENGTH DATA ELEMENTS--GENERAL INFORMATION
fixed length control field 161220r19681969enkk 001 0 eng d
035 ## - SYSTEM CONTROL NUMBER
System control number BD-RJUL 59190
040 ## - CATALOGING SOURCE
Original cataloging agency DLC
Transcribing agency DLC
Modifying agency UKM
-- EQO
Language of cataloging eng
041 ## - LANGUAGE CODE
Language code of text/sound track or separate title eng
082 ## - DEWEY DECIMAL CLASSIFICATION NUMBER
Classification number 346.060941
Edition number 23
Author mark and year CHC 1969
110 2# - MAIN ENTRY--CORPORATE NAME
Corporate name or jurisdiction name as entry element Chartered Institute of Secretaries of Joint Stock Companies and Other Public Bodies.
9 (RLIN) 175662
245 14 - TITLE STATEMENT
Title The chartered secretaries manual of company secretarial practice,
Remainder of title being the official manual of the Chartered Institute of Secretaries /
Statement of responsibility, etc. joint general editors: S. J. S. Eley [and] R. C. Hetherington
260 ## - PUBLICATION, DISTRIBUTION, ETC. (IMPRINT)
Place of publication, distribution, etc. London :
Name of publisher, distributor, etc. published under the authority of the Council of the Chartered Institute of Secretaries by Jordan,
Date of publication, distribution, etc. 1968 [reprint 1969]
300 ## - PHYSICAL DESCRIPTION
Pagination 1 v. (various pagings)
Illustrations ill. ;
Size 25 cm
500 ## - GENERAL NOTE
General note Previous editions have title: Secretarial practice
650 #0 - SUBJECT ADDED ENTRY--TOPICAL TERM
Topical term or geographic name as entry element Corporation law
Geographic subdivision Great Britain
9 (RLIN) 175663
700 1# - ADDED ENTRY--PERSONAL NAME
Personal name Eley, Stanley James Sidney.
Personal name Hetherington, Robert Charles.
942 ## - ADDED ENTRY ELEMENTS (KOHA)
Source of classification or shelving scheme Dewey Decimal Classification
Koha item type Books
Holdings
Lost status Source of classification or shelving scheme Damaged status Not for loan Collection code Permanent Location Current Location Shelving location Date acquired Source of acquisition Total Checkouts Full call number Date last seen Copy number Koha item type
  Dewey Decimal Classification   Not For Loan Non-fiction Central Library, University of Rajshahi Central Library, University of Rajshahi Reading Room 10/10/1991 Britain Gift   346.060941 CHC 1969 20/12/2016 C-1 Books